000 00668nam a2200241Ia 4500
005 20260430150649.0
008 008 250103s9999 xx 000 0 eng d
037 _aTheses
040 _aCRL
040 _beng
040 _ceng
041 _2eng
041 _aeng
084 _qCRL
100 _aAnkur Kumar Au.; Deka Sasanka Gu.
_91238145
245 0 _aDevelopment of Morphology Controlled Alloy Nanoparticles for Electrocatalytic Water Splitting Reaction
260 _c2023
300 _a194p.
650 _aChemistry
700 _aUniversity of Delhi. Faculty of Science. Deptt. of Chemistry
_91236464
942 _cTH
999 _c1850334
_d1850334